000 00555nam a2200169 4500
001 112326
003 ES-MaACL
005 20230906185516.0
007 t|
008 061121s1973 sp r ||||1| spa d
100 1 _aNielander, William A.
_985632
245 1 0 _aPráctica de las relaciones públicas /
_cWiilliam A. Nielander; [traducida por Conrad Niell i Sureda].
260 _aBarcelona :
_bEd. Hispano Europea,
_c1973.
300 _aXI, 450 p. :
_bil. ;
_c22 cm.
700 1 _aNiell i Sureda, Conrad.
_985633
852 _aES-MaACL
_jC-56085
_bR.88810
999 _c112326
_d112326